Click the Countries with Only One Border - Double Whammy - Statistics

General Stats
  • This quiz has been taken 27 times
  • The average score is 12 of 14
Answers on the Grid
Answers color-coded by a green-red scale on the quiz's grid according to % correct below.
Brunei
Andorra
Armenia
Bangladesh
Dominican Republic
Cuba
Lesotho
Djibouti
Estonia
Iceland
United Kingdom
Ireland
Qatar
Japan
Haiti
Malaysia
Luxembourg
Monaco
Mexico
South Korea
Mongolia
Portugal
North Korea
San Marino
Sweden
Timor Leste
Vatican City
The Gambia
Tunisia
Uruguay
 
Answer Stats
Answer % Correct
South Korea
96%
Dominican Republic
92%
Haiti
88%
Ireland
88%
Portugal
88%
United Kingdom
88%
Vatican City
88%
Lesotho
83%
Monaco
79%
Qatar
79%
San Marino
79%
Brunei
75%
The Gambia
71%
Timor Leste
71%
No matching quizzes found
Score Distribution
Percent of People with Each Score
Percentile by Number Answered
Your Score History
You have not taken this quiz